Sudden Death - Synonyms and Antonyms - Statistics

General Stats
  • This quiz has been taken 224 times
  • The average score is 10 of 11
Answers on the Grid
Answers color-coded by a green-red scale on the quiz's grid according to % correct below.
Hot and Cold
Left and Right
Book and Story
Happy and Cheerful
Sofa and Couch
Optimist and Pessimist
Shop and store
Grateful and Appreciative
Intelligent and Dumb
Poor and Rich
Strong and Weak
Humble and Modest
Fight and Wrestle
Melancholy and Sorrow
Tedious and Speedy
Grab and Grope
Seek and Find
Light and Dark
Cozy and Rough
Force and Power
 
Answer Stats
Answer % Correct
Happy and Cheerful
95%
Sofa and Couch
95%
Fight and Wrestle
94%
Grateful and Appreciative
94%
Humble and Modest
94%
Shop and store
94%
Melancholy and Sorrow
91%
Book and Story
90%
Force and Power
87%
Grab and Grope
79%
Seek and Find
73%
No matching quizzes found
Score Distribution
Percent of People with Each Score
Percentile by Number Answered
Your Score History
You have not taken this quiz